Carta de suelos de la República Argentina hoja 3360-13 y 14, Cañada de Gómez y Rosario /
Guardado en:
| Autor Corporativo: | |
|---|---|
| Formato: | Mapa |
| Idioma: | Undetermined |
| Publicado: |
Buenos Aires :
INTA,
1988.
|
| Materias: | |
| Etiquetas: |
Agregar Etiqueta
Sin Etiquetas, Sea el primero en etiquetar este registro!
|
| LEADER | 00998nem a22001695a 4500 | ||
|---|---|---|---|
| 001 | EEA.libagro010170 | ||
| 005 | 20190506105723.0 | ||
| 008 | 141015s1988####ag########a#####1###und#d | ||
| 082 | 0 | 4 | |a 631.4782 |
| 110 | 2 | |a Instituto Nacional de Tecnología Agropecuaria (Argentina). |b Centro de Investigación de Recursos Naturales. | |
| 245 | 1 | 0 | |a Carta de suelos de la República Argentina |h [material cartográfico] : |b hoja 3360-13 y 14, Cañada de Gómez y Rosario / |c Instituto Nacional de Tecnología Agropecuaria, [Centro de Investigación de Recursos Naturales, Departamento de Suelos]. |
| 255 | |a Escala 1:50.000 | ||
| 260 | |a Buenos Aires : |b INTA, |c 1988. | ||
| 300 | |a 197 p. : |b il. ; |c 28 cm. + |e 6 fotocartas pleg. en sobre. | ||
| 505 | 0 | |a Hoja 3360-13-1 Cañada de Gómez -- Hoja 3360-13-2 Estación Salto Grande -- Hoja 3360-13-3 Correa -- Hoja 3360-13-4 Carcarañá -- Hoja 3360-14-1 Andino -- Hoja 3360-14-3 Roldán | |
| 651 | 7 | |a Argentina | |
| 859 | |a AR-BbBCA |b BIB. AGRONOMIA |h 631.4782 |i A691 3360-13/14 |p 1988/1198 | ||
